000 00275nam a2200121Ia 4500
008 230312s9999||||xx |||||||||||||| ||und||
082 _a658.4
_bROB-O
100 _aRobbins;Stephen,P
245 0 _aOrganizational Behavior
300 _a759
650 _aManagement
942 _cBK
999 _c3812
_d3812